|
|
|
|
| LEADER |
02856nam a2200529 i 4500 |
| 001 |
nkc20243661908 |
| 003 |
CZ PrNK |
| 005 |
20260409095551.0 |
| 007 |
ta |
| 008 |
241212s2024 xr g 000 f cze |
| 015 |
|
|
|a cnb003661908
|
| 020 |
|
|
|a 978-80-7332-571-8
|q (brožováno)
|
| 035 |
|
|
|a (OCoLC)1505966157
|
| 040 |
|
|
|a ABG001
|b cze
|d BOA001
|e rda
|
| 041 |
1 |
|
|a cze
|h eng
|
| 072 |
|
7 |
|a 821.111-3
|x Anglická próza, anglicky psaná
|2 Konspekt
|9 25
|
| 080 |
|
|
|a 821.111-31
|2 MRF
|
| 080 |
|
|
|a (0:82-312.9)
|2 MRF
|
| 100 |
1 |
|
|a Abnett, Dan,
|d 1965-
|7 ola2003209031
|4 aut
|
| 240 |
1 |
0 |
|a Daemon's curse.
|l Česky
|
| 245 |
1 |
0 |
|a Démonova kletba :
|b příběh Maluse Temné čepele /
|c Dan Abnett & Mike Lee ; z anglického originálu The daemon's curse ... přeložila Leona Malčíková
|
| 246 |
3 |
0 |
|a Příběh Maluse Temné čepele
|
| 250 |
|
|
|a Vydání druhé
|
| 264 |
|
1 |
|a Frenštát p. R. :
|b Polaris,
|c 2024
|
| 300 |
|
|
|a 283 stran ;
|c 18 cm
|
| 336 |
|
|
|a text
|b txt
|2 rdacontent
|
| 337 |
|
|
|a bez média
|b n
|2 rdamedia
|
| 338 |
|
|
|a svazek
|b nc
|2 rdacarrier
|
| 490 |
1 |
|
|a Warhammer Chronicles
|
| 490 |
1 |
|
|a Fantasy
|
| 500 |
|
|
|a Na zadní straně obálky uvedeno původní nakladatelství: Black Library
|
| 520 |
2 |
|
|a Fantasy román je prvním příběhem nové série Maluse Temné čepele. Příběh líčí dramatickou zápletku ne zrovna charakterního elfa, který neváhá použít v boji všechny zbraně, jen aby zvítězil nad nepřítelem, i za cenu nečestnosti a falše.
|b Bojovník. Zrádce. Netvor. Od narození dostával Malus Temná čepel nejdůležitější lekci společnosti temných elfů - co nemáš rád, udělej ostatním dřív, než to oni stihnou provést tobě. I v záludném Naggarothu se Malus brzy stane neblaze proslulým pro svou bezcitnou a zlovolnou povahu, je mimořádně krutý i podle značně volných standardů temných elfů. Když se mu podaří ukrást mocný magický artefakt, který ho má dovést k tajné moci ukryté hluboko v děsivých Pustinách Chaosu, vydává se se svou družinou za znovuzískáním moci a vlivu... První kniha ságy posouvající drsný svět Warhammeru na ještě ponuřejší úroveň. Nakladatelská anotace.
|
| 655 |
|
7 |
|a anglické romány
|7 fd131814
|2 czenas
|
| 655 |
|
7 |
|a fantasy romány
|7 fd184199
|2 czenas
|
| 655 |
|
9 |
|a English fiction
|2 eczenas
|
| 655 |
|
9 |
|a fantasy novels
|2 eczenas
|
| 700 |
1 |
|
|a Lee, Mike
|7 mzk2007417612
|4 aut
|
| 700 |
1 |
|
|a Malčíková, Leona,
|d 1970-
|7 xx0031933
|4 trl
|
| 787 |
0 |
8 |
|i Z cyklu:
|t Warhammer - Malus Temná čepel
|g 1
|
| 830 |
|
0 |
|a Warhammer Chronicles
|0 s
|
| 830 |
|
0 |
|a Fantasy (Polaris)
|0 s
|
| 910 |
2 |
|
|a BOA001
|b 1-1539.105
|
| 920 |
|
|
|a 5042648
|z ABG001
|
| 990 |
|
|
|a BK
|
| 995 |
|
|
|a 01
|
| 991 |
|
|
|b 202501
|c NOV
|
| 996 |
6 |
|
|b 2610992175
|c 1-1539.105
|l MZK
|r Sklad / do 1 hodiny
|n 0
|p p.v.
|w 001991004
|u 000010
|a 1
|e BOA001
|j MZK50
|s P
|